L'escapada / (Record no. 177115)

MARC details
000 -LEADER
campo de control de longitud fija 00676nam a22002055i 4500
001 - NÚMERO DE CONTROL
campo de control 177115
003 - IDENTIFICADOR DE NÚMERO DE CONTROL
campo de control ES-MaACL
005 - FECHA Y HORA DE LA ÚLTIMA TRANSACCIÓN
campo de control 20230906220245.0
008 - DATOS DE LONGITUD FIJA--INFORMACIÓN GENERAL
campo de control de longitud fija 110303s1967 sp |||| | cat d
080 ## - NÚMERO DE LA CLASIFICACIÓN DECIMAL UNIVERSAL
Número de la Clasificación Decimal Universal 821.134.1-311.2"19"
100 1# - ENTRADA PRINCIPAL--NOMBRE DE PERSONA
Nombre de persona Carbó, Joaquín.
9 (RLIN) 35016
245 12 - MENCIÓN DEL TÍTULO
Título L'escapada /
Mención de responsabilidad, etc. Joaquim Carbó.
260 ## - PUBLICACIÓN, DISTRIBUCIÓN, ETC.
Lugar de publicación, distribución, etc. Madrid ; Barcelona :
Nombre del editor, distribuidor, etc. Alfaguara,
Fecha de publicación, distribución, etc. imp. 1967.
300 ## - DESCRIPCIÓN FÍSICA
Extensión 92 p. ;
Dimensiones 17 cm.
490 1# - MENCIÓN DE SERIE
Mención de serie La novel·la popular. Contemporània, inèdita, catalana ;
Designación de volumen o secuencia 10
546 ## - NOTA DE IDIOMA
Nota de lengua/lenguaje Texto en catalán.
830 0# - PUNTO DE ACCESO ADICIONAL DE SERIE-TÍTULO UNIFORME
Título uniforme La novel·la popular. Contemporània, inèdita, catalana ;
Designación de volumen o secuencia 10
9 (RLIN) 190353
852 ## - LOCALIZACIÓN
Ubicación ES-MaACL
Número de control de estantería E-14538
Encuadernación Olim P-1333
Holdings
Estatus retirado Estado de pérdida Estado de daño No para préstamo Biblioteca de origen Biblioteca actual Ubicación en estantería Fecha de adquisición Fuente de adquisición Total de préstamos Signatura topográfica completa Código de barras Visto por última vez Precio de reemplazo Tipo de ítem Koha
        Biblioteca del Ateneo de Madrid Biblioteca del Ateneo de Madrid Depósito 2 03/03/2011     E-14538 1186021 23/02/2023 23/02/2023 Libro impreso